Guess The Animals By The Pictures - Statistics

General Stats
  • This quiz has been taken 229 times
  • The average score is 13 of 15
Answer Stats
Picture Answer % Correct
Horse
99%
Unicorn
99%
Cat
97%
Dog
97%
Chick
96%
Frog
95%
Kitten
93%
Ladybug
93%
Puppy
93%
Duck
92%
Swan
90%
Parrot
87%
Rooster
84%
Bird
69%
Alicorn
20%
No matching quizzes found
Score Distribution
Percent of People with Each Score
Percentile by Number Answered
Your Score History
You have not taken this quiz